Logos#4 - Statistiken

Allgemein
  • Dieses Quiz wurde 212 mal gespielt
  • Das Durchschnittsergebnis liegt bei 6 aus 7
Antwortstatistiken
Bildquiz Antwort % Korrekt
BMW
99%
Nikon
99%
Mercedes
98%
Porsche
97%
WhatsApp
97%
Mammut
60%
Tassilo Aphotheke
1%
Keine übereinstimmenden Quizze gefunden
Verteilung der Resultate
Anzahl Personen mit jedem Resultat
Perzentil nach korrekt beantworteten Fragen
Ihre Resultats-Entwicklung
Sie haben dieses Quiz noch nicht gespielt